Die russischen Platzierungen bei der Europameisterschaft - Statistiken

Allgemein
  • Dieses Quiz wurde 14 mal gespielt
  • Das Durchschnittsergebnis liegt bei 7 aus 12
Antwortstatistiken
Hint Antwort % Korrekt
2016 Gruppenphase
92%
2020 Gruppenphase
92%
2012 Gruppenphase
83%
1996 Gruppenphase
67%
2004 Gruppenphase
67%
2008 Halbfinale
58%
1960 Sieger
58%
1992 Gruppenphase
50%
1964 Zweiter Platz
50%
1988 Zweiter Platz
42%
1968 Vierter Platz
17%
1972 Zweiter Platz
17%
Keine übereinstimmenden Quizze gefunden
Verteilung der Resultate
Anzahl Personen mit jedem Resultat
Perzentil nach korrekt beantworteten Fragen
Ihre Resultats-Entwicklung
Sie haben dieses Quiz noch nicht gespielt